| 000 | 00400nam a22001697a 4500 | ||
|---|---|---|---|
| 003 | OSt | ||
| 005 | 20211228101837.0 | ||
| 008 | 211228b |||||||| |||| 00| 0 eng d | ||
| 020 | _a0134399285 | ||
| 040 | _cHU | ||
| 082 | _a005.133 | ||
| 100 |
_aAdams Joel _925643 |
||
| 245 | _aTurbo C++An Introduction To Computing | ||
| 260 |
_aNew Jersey _bNew Jersey |
||
| 300 | _f598 | ||
| 942 |
_2ddc _cBOOKS _n0 |
||
| 999 |
_c24537 _d24537 |
||